=LDR 00000nam 2200000 4500 =001 INLIS000000000020971 =005 20130612115856 =008 ***********************************Ind** =035 ##$$0010-061300000020971 =041 ##$$a Ind =082 ##$$a 657.45 =090 ##$$a 657.45, Por e =100 ##$$a Porter, W. Thomas =245 ##$$a EDP, pengendalian dan auditing, W Thomas Porter ; alih bahasa, Nugroho Widjajanto =260 ##$$a 1989 $b Jakarta =300 ##$$a xiv, 488 hlm, ilus, 27 cm =650 ##$$a Akuntansi =850 ##$$a NBPNMAT